| 000 | 00836cam a2200253 4500 | ||
|---|---|---|---|
| 001 | sa 68013755 | ||
| 003 | DLC | ||
| 005 | 20260227112625.0 | ||
| 008 | 691205s1968 ii k 000 0 eng | ||
| 010 | _asa 68013755 | ||
| 025 | _aPL480:I-E-10704 | ||
| 040 |
_aDLC _cDLC _dDLC |
||
| 050 | 0 | 0 |
_aKNU8732 _b.A33 1968 |
| 082 | 0 | 0 | _a340 |
| 110 | 1 |
_aWest Bengal. _bLocal Self-Government Department. |
|
| 245 | 1 | 0 | _aModel rules and model by-laws under the Bengal municipal act, 1932, corrected up to 30th June, 1963. |
| 260 |
_aAlipore, _bSuperintendent, Govt. Print., West Bengal Govt. Press, _c1968. |
||
| 300 |
_a71 p. _bforms. _c24 cm. |
||
| 350 | _a1.50 | ||
| 500 | _aCover title. | ||
| 500 | _aIncludes extracts from legislation. | ||
| 650 | 0 |
_aOrdinances, Municipal _zWest Bengal. |
|
| 710 | 1 |
_aWest Bengal. _kLaws, statutes, etc. |
|
| 999 |
_c85319 _d85319 |
||